000 00774nam a2200205 a 4500
008 061120s2006 ||||||||||||||||| || u
050 _aIBRD(08)PRWP/3991
100 _aJiang, Juan
245 1 0 _aUniversity-local industry linkages
246 _athe case of Tohoku University in the Sendai area of Japan
260 _aWashington, D. C.
_bWorld Bank
_c2006
300 _a60p.;ill.
350 _a0.00
490 _aWorld Bank policy research working papers
650 _aUNIVERSITIES--INDUSTRY--RESEARCH--JAPAN
650 0 _aECONOMICS
700 _aAbe, Shiro
700 _aHarayama, Yuko
995 _D0.00
_FCBU-MAIN LIBRARY (Kitwe)
_H1
_I0.00
_M1
_UAVAILABLE
_WNov 20, 2006
_ZInternational Publications
999 _c60899
_d60899